LEADER 01738nam0 2200397 i 450 001 BVEE029581 005 20170908093215.0 012 $at,a- ami- roum cimi (3) 1563 (R)$2fei 100 $a20120326d1563 ||||0itac50 ba 101 | $alat 102 $ach 181 1$6z01$ai $bxxxe 182 1$6z01$an 200 1 $aDe abusu linguae Graecae, in quibusdam vocibus quas Latina vsurpat, admonitio Henrici Stephani. Eiusdem Tetrasticon. ... 210 $a\Ginevra!$cexcudebat Henricus Stephanus$d1563 215 $a\4!, 107, \1! p.$d8º 300 $aPer il luogo di stampa cfr. Adams, S1760 300 $aMarca (R 295) sul front 300 $aCors. ; gr. ; rom 300 $aSegn.: π²a-f⁸g⁶ 300 $aFregi xil. 316 $a1 v.$5IT-NA0075, A 45 0021 423 0$12001 $aTetrastichon 620 $aCH$dGinevra$3RMSL001240 700 1$aEstienne$b, Henri$f <1528?-1598>$3PUVV021908$4070$0294085 712 02$aEstienne, Henri$d <2.>$3BVEV028870$4650 790 1$aStephanus$b, Henricus$3PUVV157061$zEstienne, Henri <1528?-1598> 790 1$aStefano$b, Errigo$3VEAV055598$zEstienne, Henri <1528?-1598> 801 3$aIT$bIT-NA0079$c20120326 850 $aIT-NA0075 912 $aBVEE029581 921 $aBVEM000641$bUn uomo indica un olivo con i rami innestati. Motto: Noli altum sapere.$cR295$cS958$dSul front. 950 0$aBiblioteca statale oratoriana dei Girolamini$c1 v.$d GEA 45 0021$e GE 0000024025 B 1 v.$fN $h20120326$i20120326 977 $a GE 996 $aDe abusu linguae Graecae, in quibusdam vocibus quas Latina vsurpat, admonitio Henrici Stephani. Eiusdem Tetrasticon. ..$91480877 997 $aUNISANNIO LEADER 03685nam0 2200553 i 450 001 BVEE036717 005 20170908093218.0 012 $a*&no r.i; osas AdDe (3) 1613 (R)$2fei$9pt.1, ae 012 $as.ex s!t; t.t. rii. (3) 1613 (R)$2fei$9pt.2 100 $a20121218d1613 ||||0itac50 ba 101 | $alat 102 $ade 181 1$6z01$ai $bxxxe 182 1$6z01$an 200 1 $a˜Aurelii Prudentii Clementis V.C. œOpera, noviter ad msc. fidem recensita, interpolata, innumeris à mendis purgata, notisque & indice accuratô illustrata, à M. Iohanne Weitzio, P.L. accesserunt omnium doctorum virorum, quotquot in Prudentium scripserunt, notae, scholia, atque observationes, cum glossis veteribus 210 $aHanoviae$ctypis Wechelianis apud haeredes Johannis Aubrii$d1613 215 $a2 pt. (\48!, 382, \2!; \34!, 3-905, \55! p.)$d8º 300 $aTit. della pt.2: Sylloge annotationum, scholiorum, observationum et notarum, in Aurelii PrudentiI Clementis opera: . 300 $aMarca non controllata (Pegaso sopra due cornucopie e caduceo) sui front 300 $aSegn.: α-γ⁸A-2A⁸; (:)-2(:)⁸a-3o⁸ 300 $aL'ultima c. della pt.1 e le ultime 2 c. della pt.2 bianche. 316 $a1 v. - Timbro R. B. sul front.$5IT-NA0079, SALA FARN.40. G 36 316 $a1 v.; Sul frontespizio, in basso a destra, timbro direzione degli scavi e monumenti$5IT-NA0226, SALA TERZA39. F 7 317 $aPossessore: *Museo Archeologico Nazionale di Napoli. $5IT-NA0226 SALA TERZA 39. F 7 423 0$12001 $aSylloge annotationum, scholiorum, observationum et notarum, in Aurelii PrudentiI Clementis opera: singulari studio collecta, ... a M. Iohanne Weitzio.$1700 1$aWeitz$b, Johann$f <1576-1642>$3SBLV310757$4070 500 10$aOpera.$3BVEE010256$9MILV075738$91400831 620 $aDE$dHanau$3CFIL001357 700 1$aPrudentius Clemens$b, Aurelius$3MILV075738$4070$0391335 712 02$aWechel, Andreas Erben$3BVEV017393$4650 712 02$aAubry, Johann$f <1.> Erben <1601-1642>$3BVEV073714$4650 712 02$aMuseo Archeologico Nazionale di Napoli$3NAPP001851$4390$5IT-NA0226 SALA TERZA 39. F 7 790 0$aPrudentius$3CFIV169643$zPrudentius Clemens, Aurelius 790 1$aPrudentius$b, Aurelius Clemens$3CFIV169645$zPrudentius Clemens, Aurelius 790 1$aPrudentius$b, Clemens Aurelius$3CFIV169646$zPrudentius Clemens, Aurelius 790 1$aPrudenzio Clemente$b, Aurelio$3CFIV169650$zPrudentius Clemens, Aurelius 790 0$aPrudenzio$3CFIV248172$zPrudentius Clemens, Aurelius 791 02$aTypis Wechelianis$f <1581-1630>$3SBNV003012$zWechel, Andreas Erben 791 02$aWechel$f <1581-1830>$3SBNV003013$zWechel, Andreas Erben 791 02$aWechel, Andreas, eredi$3SBNV045451$zWechel, Andreas Erben 791 02$aOfficina Aubriana$3SBNV003356$zAubry, Johann <1.> Erben <1601-1642> 801 3$aIT$bIT-NA0079$c20121218 850 $aIT-NA0079$aIT-NA0226 912 $aBVEE036717 921 $aSBNM000001$bMarca non controllata$cS2$dSui front. 950 0$aBiblioteca Nazionale Vittorio Emanuele III$c1 v.$d BNSALA FARN.40. G 36$e BNA010014656265 H 1 v. - Timbro R. B. sul front.$fC $h20121218$i20121218$lTimbro R. B.$mTimbri storici della biblioteca proprietaria 950 0$aBiblioteca del Museo Archeologico Nazionale di Napoli$b1 esemplare$c1 esemplare$d NCSALA TERZA39. F 7$e NC 0000397805 B 1 v.; Sul frontespizio, in basso a destra, timbro direzione degli scavi e monumenti$fZ $h20170609$i20170609 977 $a BN$a NC 996 $aOpera$91400831 997 $aUNISANNIO